Konštrukcie pozemných stavieb : pre odbor Ekonomika a riadenie stavebníctva a ASR /
Guardado en:
| Autores principales: | , , |
|---|---|
| Formato: | Libro |
| Lenguaje: | eslovaco |
| Publicado: |
Bratislava :
SVŠT v Bratislave,
1988
|
| Etiquetas: |
Sin Etiquetas, Sea el primero en etiquetar este registro!
|
MARC
| LEADER | 00000nam a22000003a 4500 | ||
|---|---|---|---|
| 001 | stu29151 | ||
| 005 | 20231013083637.3 | ||
| 008 | 950605s1988----xo------------------slo-d | ||
| 040 | |a STU |b slo | ||
| 041 | 0 | |a slo | |
| 044 | |a xo | ||
| 080 | |a 624.9(075.8) | ||
| 100 | 1 | |a Szomolányiová, Klára |4 aut | |
| 245 | 1 | |a Konštrukcie pozemných stavieb : |b pre odbor Ekonomika a riadenie stavebníctva a ASR / |c [aut]Szomolányiová,K.;Tužinský,I.;Špička,P | |
| 260 | |a Bratislava : |b SVŠT v Bratislave, |c 1988 | ||
| 300 | |a 324 s | ||
| 700 | 1 | |a Tužinský, Imrich, |d 1938- |4 aut |u A4140 |U FAD Fakulta architektúry |T FA Ústav konštrukcií v architektúre a inžinierskych stavieb |X 435 |U A4140 |Y 395 |7 A000000435 | |
| 700 | 1 | |a Špička, Peter |4 aut | |
| 996 | |b 284V016814 |c V*29937/S-89 |l VVS |s A |a 24 |w stu29151_0002 | ||
| 996 | |b 284V023461 |c V*36888/O-15422a |l VVT |s A |a 24 |w stu29151_0016 | ||
| 996 | |b 284V040901 |c V* 29936/S-89 |l VVS |s A |a 24 |w stu29151_0018 | ||